| 000 | 00000nam 2200000zi 4500 |
| 001 | 9.932299 |
| 003 | CaOODSP |
| 005 | 20250107144059 |
| 006 | m o d f |
| 007 | cr mn||||||||| |
| 008 | 240110t20242024onca obs f000 0 eng d |
| 020 | |a9780660695761 |
| 040 | |aCaOODSP|beng|erda|cCaOODSP |
| 043 | |an-cn--- |
| 086 | 1 |aCS11-627/2024-3E-PDF |
| 245 | 00|aWho are the “sandwich caregivers” in Canada? |
| 264 | 1|a[Ottawa] : |bStatistics Canada = Statistique Canada, |c[2024] |
| 264 | 4|c©2024 |
| 300 | |a1 online resource (1 page) : |bcolour illustrations |
| 336 | |atext|btxt|2rdacontent |
| 337 | |acomputer|bc|2rdamedia |
| 338 | |aonline resource|bcr|2rdacarrier |
| 500 | |aIssued also in French under title: Qui sont les aidantes et aidants pris en sandwich au Canada? |
| 500 | |a"Catalogue number: 11-627-M." |
| 504 | |aIncludes bibliographical references. |
| 520 | |a"This infographic investigates sandwich caregiving in Canada in 2022, defined as providing care in the past 12 months to both children under 15 years old and care-dependent adults and youth over 15 years old with a long-term condition or disability. The infographic explores the prevalence of sandwich caregiving, the types of relationships involved, and the impacts of this type of caregiving"--Provided by publisher. |
| 650 | 0|aCaregivers|zCanada|vStatistics. |
| 655 | 7|aStatistics|2lcgft |
| 710 | 2 |aStatistics Canada, |eissuing body. |
| 775 | 08|tQui sont les aidantes et aidants pris en sandwich au Canada?|w(CaOODSP)9.932300 |
| 856 | 40|qPDF|s431 KB|uhttps://publications.gc.ca/collections/collection_2024/statcan/11-627-m/11-627-m2024003-eng.pdf |
| 856 | 4 |qHTML|sN/A|uhttps://www150.statcan.gc.ca/n1/pub/11-627-m/11-627-m2024003-eng.htm |
| 986 | |a11-627-M |